| 000 | 00850nam a22002657a 4500 | ||
|---|---|---|---|
| 001 | 00544 | ||
| 003 | DO-SdBPM | ||
| 005 | 20250723134648.0 | ||
| 007 | ta | ||
| 008 | 160615b1975 mx ||||| |||| 00| 0 spa d | ||
| 040 |
_aBPMSU _bspa _cBPMSU |
||
| 082 | 4 |
_a657.45 _bD295s 1975 _222 |
|
| 110 | 2 |
_aInstituto Mexicano de Contadores Públicos. _bComisión de Normas y Procedimientos de Auditoría. |
|
| 245 | 1 | 0 | _aDeclaraciones sobre normas de auditoria |
| 260 | _c | ||
| 264 |
_aMéxico : _bInstituto mexicano de contadores públicos, _c1975 |
||
| 300 |
_a32 páginas ; _c22 cm. _b |
||
| 336 |
_atexto _btxt _2rdacontent |
||
| 337 |
_asin mediación _bn _2reamedia |
||
| 338 |
_avolumen _bnc _2rdacarrier |
||
| 590 | _aInventariado, 2025/VM | ||
| 650 | 7 |
_aAuditoría. _vNormas. |
|
| 910 | _aVMateo V. Control de calidad. BPMSU | ||
| 942 |
_2ddc _cBK |
||
| 999 |
_c10397 _d10397 |
||